NATO Countries From Richest to Poorest - Statistics

General Stats
  • This quiz has been taken 60 times
  • The average score is 16 of 30
Answer Stats
GDP Country % Correct
$140.690 Luxembourg
98%
$77.800 Norway
84%
$74.020 United States
78%
$69.280 Denmark
69%
$62.920 Germany
64%
$68.570 Netherlands
64%
$61.590 Belgium
62%
$56.030 France
62%
$57.810 Canada
60%
$64.620 Iceland
58%
$50.220 Italy
56%
$54.630 United Kingdom
56%
$17.380 Albania
53%
$19.720 North Macedonia
51%
$28.590 Bulgaria
49%
$47.530 Czech Republic
49%
$46.480 Estonia
49%
$34.690 Greece
49%
$36.620 Romania
49%
$48.440 Slovenia
49%
$46.420 Lithuania
47%
$38.620 Portugal
47%
$44.780 Spain
47%
$37.490 Turkey
47%
$41.680 Poland
44%
$40.940 Hungary
42%
$24.870 Montenegro
42%
$40.270 Slovakia
42%
$37.330 Latvia
40%
$36.200 Croatia
36%
No matching quizzes found
Score Distribution
Percent of People with Each Score
Percentile by Number Answered
Your Score History
You have not taken this quiz